| 000 | 00578nam a2200205 a 4500 | ||
|---|---|---|---|
| 005 | 20240913064004.0 | ||
| 008 | 991125n 000 0 u | ||
| 035 | _aUPN01000088179 | ||
| 100 | 1 |
_aMadrid Hurtado, Miguel de la, _d1934-2012 _929216 |
|
| 222 | _aCOMUNICACION EDUCATIVA SEP | ||
| 245 | _aMM : ciencia : germen de la renovación | ||
| 300 | _a7 | ||
| 362 | 0 | _a1983 Año 1, no. 8, dic. | |
| 653 | 0 | _aDESARROLLO CIENTIFICO Y TECNOLOGICO | |
| 653 | 0 | _aINVESTIGACION CIENTIFICA | |
| 653 | 0 | _aMEXICO | |
| 653 | 0 | _aSNI | |
| 904 |
_aAC _b025990 |
||
| 905 | _aArticulo | ||
| 999 |
_c72861 _d72861 |
||